|
|
|
|
| LEADER |
02741nam a2200685 4500 |
| 001 |
ocn910475790 |
| 003 |
OCoLC |
| 005 |
20170124071846.3 |
| 006 |
m o d |
| 007 |
cr ||||||||||| |
| 008 |
150529s2015 enk ob 001 0 eng |
| 010 |
|
|
|a 2015021534
|
| 040 |
|
|
|a DLC
|b eng
|e rda
|c DLC
|d OCLCF
|d N$T
|d YDXCP
|d DG1
|d EBLCP
|d COO
|d CDX
|d DEBBG
|d KSU
|d MERUC
|d GrThAP
|
| 019 |
|
|
|a 957596997
|
| 020 |
|
|
|a 9781118769171 (pdf)
|
| 020 |
|
|
|a 1118769171 (pdf)
|
| 020 |
|
|
|a 9781118769218 (epub)
|
| 020 |
|
|
|a 111876921X (epub)
|
| 020 |
|
|
|z 9781118769232 (cloth)
|
| 020 |
|
|
|a 9781118769133
|
| 020 |
|
|
|a 1118769139
|
| 020 |
|
|
|a 1118769236 (cloth)
|
| 020 |
|
|
|a 9781118769232 (cloth)
|
| 020 |
|
|
|a 9781118769225 (pbk.)
|
| 020 |
|
|
|a 1118769228 (pbk.)
|
| 029 |
1 |
|
|a GBVCP
|b 843749873
|
| 029 |
1 |
|
|a DEBBG
|b BV043397851
|
| 035 |
|
|
|a (OCoLC)910475790
|z (OCoLC)957596997
|
| 042 |
|
|
|a pcc
|
| 050 |
0 |
0 |
|a HV8073.3
|
| 072 |
|
7 |
|a BUS
|x 032000
|2 bisacsh
|
| 072 |
|
7 |
|a SOC
|x 000000
|2 bisacsh
|
| 082 |
0 |
0 |
|a 363.25/4
|2 23
|
| 049 |
|
|
|a MAIN
|
| 245 |
0 |
0 |
|a Communication in investigative and legal contexts :
|b integrated approaches from forensic psychology, linguistics and law enforcement /
|c edited by Gavin Oxburgh, Trond Myklebust, Tim Grant & Rebecca Milne.
|
| 264 |
|
1 |
|a Chichester, West Sussex, United Kingdom :
|b John Wiley & Sons,
|c 2015.
|
| 300 |
|
|
|a 1 online resource.
|
| 336 |
|
|
|a text
|2 rdacontent
|
| 337 |
|
|
|a computer
|2 rdamedia
|
| 338 |
|
|
|a online resource
|2 rdacarrier
|
| 490 |
0 |
|
|a Wiley series in the psychology of crime, policing and law
|
| 504 |
|
|
|a Includes bibliographical references and index.
|
| 588 |
|
|
|a Description based on print version record and CIP data provided by publisher.
|
| 650 |
|
0 |
|a Police questioning.
|
| 650 |
|
0 |
|a Interviewing in law enforcement.
|
| 650 |
|
0 |
|a Communication in law enforcement.
|
| 650 |
|
0 |
|a Examination of witnesses.
|
| 650 |
|
0 |
|a Forensic psychology.
|
| 650 |
|
7 |
|a Communication in law enforcement.
|2 fast
|0 (OCoLC)fst00870163
|
| 650 |
|
7 |
|a Examination of witnesses.
|2 fast
|0 (OCoLC)fst00917486
|
| 650 |
|
7 |
|a Forensic psychology.
|2 fast
|0 (OCoLC)fst00932009
|
| 650 |
|
7 |
|a Interviewing in law enforcement.
|2 fast
|0 (OCoLC)fst00977622
|
| 650 |
|
7 |
|a Police questioning.
|2 fast
|0 (OCoLC)fst01068663
|
| 650 |
|
7 |
|a BUSINESS & ECONOMICS / Infrastructure
|2 bisacsh
|
| 650 |
|
7 |
|a SOCIAL SCIENCE / General
|2 bisacsh
|
| 655 |
|
4 |
|a Electronic books.
|
| 700 |
1 |
|
|a Oxburgh, Gavin.
|
| 776 |
0 |
8 |
|i Print version:
|t Communication in investigative and legal contexts
|d Chichester, West Sussex, United Kingdom : John Wiley & Sons, 2015
|z 9781118769232
|w (DLC) 2015019936
|
| 856 |
4 |
0 |
|u https://doi.org/10.1002/9781118769133
|z Full Text via HEAL-Link
|
| 994 |
|
|
|a 92
|b DG1
|